[Event "Frankfurt Ch 2007"]
[Site "Ffm-Kalbach, LAZ"]
[Date "2007.05.14"]
[Round "3.1"]
[White "Milov, Leonid"]
[Black "Svitek, Volker"]
[Result "1-0"]
[WhiteElo "2482"]
[BlackElo "2133"]
[PlyCount "63"]
[EventDate "2007.??.??"]

1. e4 c5 2. Nf3 Nc6 3. d4 cxd4 4. Nxd4 Nf6 5. Nc3 e5 6. Ndb5 d6 7. Bg5 a6 8.
Na3 Be6 9. Nc4 Rc8 10. Nd5 Bxd5 11. Bxf6 Qxf6 12. Qxd5 Be7 13. c3 O-O 14. Be2
Rfd8 15. O-O Bf8 16. Nb6 Rc7 17. Rad1 Ne7 18. Qb3 g6 19. Bc4 Kg7 20. Rfe1 Qf4
21. g3 Qf3 22. Rd3 Qf6 23. Kg2 Qg5 24. Bxf7 d5 25. Be6 Rc6 26. Bxd5 Rf6 27.
Ree3 Nc6 28. Rf3 Na5 29. Qa4 Rxb6 30. Qxa5 Rxb2 31. Qc7+ Be7 32. h4 1-0

[Event "Frankfurt Ch 2007"]
[Site "Ffm-Kalbach, LAZ"]
[Date "2007.05.14"]
[Round "3.2"]
[White "Orwatsch, Gerhard"]
[Black "Telljohann, Sven"]
[Result "0-1"]
[WhiteElo "2082"]
[BlackElo "2419"]
[PlyCount "84"]
[EventDate "2007.??.??"]

1. d4 Nf6 2. Nf3 g6 3. Bf4 Bg7 4. e3 O-O 5. h3 c5 6. c3 d6 7. Bc4 Nc6 8. O-O
Na5 9. Bd3 Qb6 10. Qc1 Be6 11. Nbd2 Rac8 12. Qb1 Nd5 13. Bg5 cxd4 14. Nxd4 Bd7
15. e4 Nf6 16. Be3 Qd8 17. b4 Nc6 18. Qb3 b6 19. Rac1 Qc7 20. Ba6 Rcd8 21. a4
Qb8 22. Bc4 Qb7 23. f3 Ne5 24. Be2 d5 25. Bf4 Nh5 26. Bh2 Nc6 27. Nxc6 Qxc6 28.
exd5 Qxa4 29. Qb2 a5 30. Ra1 Qxb4 31. cxb4 Bxb2 32. Ra2 Bd4+ 33. Kh1 axb4 34.
Nb3 Bc3 35. Bc7 Rc8 36. Ra7 Rxc7 37. Rxc7 Ng3+ 38. Kg1 Nxe2+ 39. Kf2 Bb5 40.
Rxe7 Nd4 41. Rd1 Nxb3 42. d6 Nc5 0-1

[Event "Frankfurt Ch 2007"]
[Site "Ffm-Kalbach, LAZ"]
[Date "2007.05.14"]
[Round "3.3"]
[White "Reschke, Stefan"]
[Black "Kreiling, Carsten"]
[Result "1/2-1/2"]
[WhiteElo "2387"]
[BlackElo "2140"]
[PlyCount "103"]
[EventDate "2007.??.??"]

1. g3 Nf6 2. Bg2 d5 3. c4 e6 4. Nf3 Be7 5. b3 O-O 6. Bb2 c5 7. e3 b6 8. O-O Bb7
9. Qe2 Nc6 10. Rd1 Rc8 11. Nc3 Rc7 12. cxd5 Nxd5 13. d4 cxd4 14. Nb5 Rd7 15.
Nbxd4 Nxd4 16. Bxd4 Qa8 17. Ne5 Rc7 18. Nc4 Rd8 19. e4 Nf6 20. Bxf6 Bxf6 21.
Rxd8+ Qxd8 22. e5 Bxg2 23. Kxg2 Be7 24. Rd1 Rd7 25. Rxd7 Qxd7 26. Qe4 h5 27. a4
Bc5 28. Nb2 g6 29. Nd3 Kg7 30. Kf3 a5 31. Ke2 Qc7 32. Nb2 Qd7 33. Nc4 Qc7 34.
h3 Bb4 35. Qd3 Bc5 36. Qf3 Qd7 37. Qe4 Qc7 38. f4 Be7 39. g4 hxg4 40. hxg4 Bc5
41. f5 exf5 42. gxf5 gxf5 43. Qxf5 Qc6 44. Qg4+ Kf8 45. Qf3 Qg6 46. Nd2 Qe6 47.
Qe4 Qh3 48. Qf4 Qg2+ 49. Kd3 Qd5+ 50. Kc2 Bb4 51. Ne4 Qc6+ 52. Kb2 {...}
1/2-1/2

[Event "Frankfurt Ch 2007"]
[Site "Ffm-Kalbach, LAZ"]
[Date "2007.05.14"]
[Round "3.4"]
[White "Syed, Tareq"]
[Black "Klundt, Klaus"]
[Result "1/2-1/2"]
[WhiteElo "2101"]
[BlackElo "2378"]
[PlyCount "95"]
[EventDate "2007.??.??"]

1. e4 Nf6 2. d3 d5 3. Nd2 e5 4. Ngf3 Nc6 5. Be2 Bc5 6. O-O O-O 7. c3 a5 8. exd5
Nxd5 9. d4 exd4 10. Nb3 Bb6 11. Nbxd4 Nxd4 12. Nxd4 Qf6 13. Bf3 Rd8 14. Qb3
Bxd4 15. Bxd5 Be5 16. a4 Bxh2+ 17. Kxh2 Qd6+ 18. g3 Qxd5 19. Qxd5 Rxd5 20. Bf4
Bg4 21. f3 Be6 22. Rad1 c6 23. Bc7 h6 24. g4 Kh7 25. Kg3 Kg6 26. f4 f5 27.
gxf5+ Kxf5 28. Rfe1 g5 29. fxg5 hxg5 30. Rh1 Kg6 31. Rhe1 Rxd1 32. Rxd1 Bd5 33.
Rd4 Kf6 34. c4 Be6 35. Rd8 Rxd8 36. Bxd8+ Kg6 37. b3 Bf5 38. Bxa5 Bc2 39. b4
Bxa4 40. c5 Kf5 41. Bc7 Bd1 42. Bd8 g4 43. Bc7 Ke4 44. Bb6 Kd5 45. Bc7 Kc4 46.
Ba5 Kb5 47. Kf4 Bf3 48. Kg3 1/2-1/2

[Event "Frankfurt Ch 2007"]
[Site "Ffm-Kalbach, LAZ"]
[Date "2007.05.14"]
[Round "3.5"]
[White "Legde, Georg"]
[Black "Janotta, Steffi"]
[Result "1-0"]
[WhiteElo "2353"]
[BlackElo "2028"]
[PlyCount "59"]
[EventDate "2007.??.??"]

1. c4 e5 2. Nc3 Nc6 3. g3 g6 4. Bg2 Bg7 5. Rb1 d6 6. b4 f5 7. b5 Nce7 8. d3 Nf6
9. Nf3 O-O 10. O-O h6 11. Nd2 g5 12. a4 Ng6 13. Qb3 Qe8 14. Ba3 Rf7 15. a5 Bf8
16. a6 Rb8 17. axb7 Bxb7 18. Qa4 g4 19. Bxb7 Rxb7 20. c5 dxc5 21. Nb3 e4 22.
dxe4 f4 23. Nxc5 Rb6 24. Rfd1 f3 25. e3 Qe5 26. Nd5 Qh5 27. Qc4 Ne5 28. Qf1 Rd6
29. Nf4 Qg5 30. Rxd6 1-0

[Event "Frankfurt Ch 2007"]
[Site "Ffm-Kalbach, LAZ"]
[Date "2007.05.14"]
[Round "3.6"]
[White "Henzner, Reiner"]
[Black "Solonar, Stefan"]
[Result "1/2-1/2"]
[WhiteElo "2111"]
[BlackElo "2345"]
[PlyCount "108"]
[EventDate "2007.??.??"]

1. e4 c5 2. Nf3 e6 3. Nc3 a6 4. g3 b5 5. Bg2 Bb7 6. Qe2 d6 7. O-O Nc6 8. d3 Nf6
9. Nd1 Be7 10. c3 Rc8 11. Ne3 O-O 12. Bd2 c4 13. dxc4 bxc4 14. Nxc4 Nxe4 15.
Qxe4 Na5 16. Qd3 Nxc4 17. b3 Nxd2 18. Nxd2 Bxg2 19. Kxg2 Qb6 20. c4 d5 21. cxd5
Rcd8 22. Nc4 Qb5 23. Rfd1 Rxd5 24. Qf3 Rfd8 25. Ne3 Rxd1 26. Rxd1 Rxd1 27. Qxd1
h5 28. Nc4 h4 29. Qf3 g6 30. Qa8+ Kg7 31. Qe4 Qh5 32. Qe5+ Qxe5 33. Nxe5 hxg3
34. hxg3 Kf6 35. Nc6 Bd6 36. Kf3 Bc7 37. Ke4 Kg5 38. b4 f5+ 39. Kd3 e5 40. a4
e4+ 41. Ke2 Kf6 42. a5 Ke6 43. b5 Kd6 44. Nd4 Bxa5 45. bxa6 Kc7 46. Ne6+ Kb6
47. Nf8 Kxa6 48. Nxg6 Bc7 49. Ne7 f4 50. Nd5 fxg3 51. Nxc7+ Kb7 52. fxg3 Kxc7
53. Ke3 Kd6 54. Kxe4 Ke6 1/2-1/2

[Event "Frankfurt Ch 2007"]
[Site "Ffm-Kalbach, LAZ"]
[Date "2007.05.14"]
[Round "3.7"]
[White "Gramlich, Sebastian"]
[Black "Von Auer, Ulrich"]
[Result "1-0"]
[WhiteElo "2248"]
[BlackElo "2130"]
[PlyCount "81"]
[EventDate "2007.??.??"]

1. d4 d5 2. c4 e6 3. Nc3 Be7 4. Nf3 Nf6 5. Bg5 O-O 6. e3 b6 7. Rc1 Bb7 8. Qc2
c5 9. cxd5 exd5 10. Bd3 Nbd7 11. O-O Ne4 12. Bf4 Ndf6 13. Qe2 Bd6 14. Ne5 Nxc3
15. bxc3 c4 16. Bb1 Qe7 17. Qc2 g6 18. Rce1 Nh5 19. Bh6 Rfe8 20. f4 Bc8 21. g4
Bxe5 22. fxe5 Bxg4 23. Qg2 Qe6 24. e4 Bh3 25. exd5 Bxg2 26. dxe6 Bxf1 27. exf7+
Kxf7 28. Rxf1+ Kg8 29. Be4 Rad8 30. Bg5 Kg7 31. Bxd8 Rxd8 32. d5 g5 33. Rf5 h6
34. d6 Nf4 35. Kf2 Rf8 36. Ke3 Rxf5 37. Bxf5 Kf7 38. a4 h5 39. Kd4 g4 40. Kxc4
Ne2 41. e6+ 1-0

[Event "Frankfurt Ch 2007"]
[Site "Ffm-Kalbach, LAZ"]
[Date "2007.05.14"]
[Round "3.8"]
[White "Behnick, Eckhard"]
[Black "Schlamp, Robert"]
[Result "0-1"]
[WhiteElo "2169"]
[BlackElo "2302"]
[PlyCount "74"]
[EventDate "2007.??.??"]

1. Nf3 d5 2. c4 e6 3. g3 Nf6 4. Bg2 Be7 5. O-O O-O 6. b3 Nbd7 7. Bb2 b6 8. cxd5
exd5 9. d4 Bb7 10. Nbd2 Re8 11. Ne5 Bd6 12. Nxd7 Qxd7 13. e3 a5 14. Nc4 Bf8 15.
Ne5 Qe6 16. a3 Ne4 17. Rc1 Rac8 18. Rc2 Bd6 19. Qh5 g6 20. Qh6 Bf8 21. Qh3 f5
22. Rfc1 c5 23. Bf1 Bd6 24. Nf3 Qe7 25. a4 Rc7 26. Bb5 Rec8 27. Qf1 g5 28. Ba6
f4 29. Bxb7 Rxb7 30. Ne5 fxe3 31. fxe3 Bxe5 32. dxe5 Qe6 33. Qg2 Rf7 34. Rf1
Rcf8 35. Rxf7 Qxf7 36. Qh3 h5 37. e6 Qf3 0-1

[Event "Frankfurt Ch 2007"]
[Site "Ffm-Kalbach, LAZ"]
[Date "2007.05.14"]
[Round "3.9"]
[White "Noble, Alexander"]
[Black "Isserman, Ryhor"]
[Result "1/2-1/2"]
[WhiteElo "2105"]
[BlackElo "2296"]
[PlyCount "45"]
[EventDate "2007.??.??"]

1. d4 Nf6 2. f4 g6 3. Nf3 Bg7 4. e3 d6 5. Be2 O-O 6. O-O Nc6 7. c4 a6 8. Nc3 b5
9. cxb5 axb5 10. Nxb5 Bb7 11. Bd2 Ne4 12. Qc2 Nxd2 13. Nxd2 e5 14. Bf3 Nb4 15.
Qc4 e4 16. Nxe4 Nd5 17. Qb3 Rb8 18. Nexd6 cxd6 19. Bxd5 Ba6 20. a4 Qe7 21. f5
Kh8 22. fxg6 fxg6 23. Rac1 1/2-1/2

[Event "Frankfurt Ch 2007"]
[Site "Ffm-Kalbach, LAZ"]
[Date "2007.05.14"]
[Round "3.10"]
[White "Uwira, Oliver"]
[Black "Goldt, Rainer"]
[Result "1-0"]
[WhiteElo "2291"]
[BlackElo "1876"]
[PlyCount "39"]
[EventDate "2007.??.??"]

1. d4 d5 2. c4 e5 3. dxe5 d4 4. Nf3 Nc6 5. a3 Bg4 6. Nbd2 Qd7 7. b4 O-O-O 8. g3
h5 9. Bg2 Bh3 10. e6 Bxe6 11. b5 Nce7 12. Qa4 Kb8 13. Ne5 Qd6 14. Nc6+ Nxc6 15.
bxc6 b6 16. Ne4 Qe7 17. Bf4 f5 18. c5 Bc8 19. cxb6 axb6 20. Rb1 1-0

[Event "Frankfurt Ch 2007"]
[Site "Ffm-Kalbach, LAZ"]
[Date "2007.05.14"]
[Round "3.11"]
[White "Zuyev, Igor"]
[Black "Henrich, Thomas"]
[Result "1-0"]
[WhiteElo "2172"]
[BlackElo "2179"]
[PlyCount "41"]
[EventDate "2007.??.??"]

1. e4 e6 2. d4 d5 3. Nc3 Bb4 4. e5 c5 5. Bd2 Nc6 6. Nb5 Bxd2+ 7. Qxd2 Nxd4 8.
Nxd4 cxd4 9. Qxd4 Ne7 10. Nf3 Bd7 11. Bd3 Qa5+ 12. c3 Bb5 13. Qc5 a6 14. Nd4
Rc8 15. Bxb5+ Kf8 16. Qa7 Rxc3 17. bxc3 Qxc3+ 18. Ke2 Qb2+ 19. Kd3 Qa3+ 20. Nb3
g5 21. Bd7 1-0

[Event "Frankfurt Ch 2007"]
[Site "Ffm-Kalbach, LAZ"]
[Date "2007.05.14"]
[Round "3.12"]
[White "Hoti, Safet"]
[Black "Benninger, Rudolf"]
[Result "1-0"]
[WhiteElo "1952"]
[BlackElo "2130"]
[PlyCount "91"]
[EventDate "2007.??.??"]

1. d4 g6 2. e4 Bg7 3. c3 c6 4. Nf3 d5 5. e5 Bg4 6. h3 Bxf3 7. Qxf3 e6 8. Bd3
Ne7 9. Bg5 O-O 10. g4 c5 11. Qe3 Nbc6 12. Nd2 cxd4 13. cxd4 Qd7 14. Bf6 Kh8 15.
h4 Bxf6 16. exf6 Ng8 17. g5 e5 18. dxe5 Nxe5 19. Qh3 Nxd3+ 20. Qxd3 Rfe8+ 21.
Kf1 h5 22. Nf3 Re4 23. Rd1 Qg4 24. Ne1 Rae8 25. Qxd5 Qe2+ 26. Kg1 Rg4+ 27. Ng2
Ree4 28. Rh3 Ref4 29. Rf1 Qxb2 30. Qxf7 Nxf6 31. gxf6 Rxf6 32. Qe7 Qd4 33. Re3
Qf4 34. Qe8+ Rf8 35. Qe5+ Qxe5 36. Rxe5 Ra4 37. Re2 Rf3 38. Rd1 b5 39. Rd7 Kg8
40. Re8+ Rf8 41. Ree7 Ra8 42. Rg7+ Kf8 43. Rxg6 a5 44. Rf6+ Kg8 45. Nf4 Rxa2
46. Ne6 1-0

[Event "Frankfurt Ch 2007"]
[Site "Ffm-Kalbach, LAZ"]
[Date "2007.05.14"]
[Round "3.13"]
[White "Diekmann, HanJo"]
[Black "Koch, Ulrich"]
[Result "1/2-1/2"]
[WhiteElo "2199"]
[BlackElo "1839"]
[PlyCount "111"]
[EventDate "2007.??.??"]

1. c4 c6 2. e4 d5 3. exd5 cxd5 4. cxd5 Qxd5 5. Nc3 Qd8 6. Nf3 Nf6 7. Bc4 e6 8.
d4 Nc6 9. O-O Be7 10. Bg5 O-O 11. Re1 a6 12. a3 b5 13. Ba2 Bb7 14. Qd3 Rc8 15.
Rad1 Qc7 16. Ne5 Nxe5 17. dxe5 Rfd8 18. Qg3 Rxd1 19. Rxd1 Ne4 20. Nxe4 Bxe4 21.
Bxe7 Qxe7 22. Qe3 Rd8 23. Bb3 Rxd1+ 24. Bxd1 Qb7 25. Be2 Bd5 26. Bd3 Qc6 27. f3
g6 28. Kf2 a5 29. Qa7 Qc1 30. Qb8+ Kg7 31. Qxb5 Qd2+ 32. Be2 Qd4+ 33. Kf1 Qxe5
34. Qxa5 Qxb2 35. Qc5 h6 36. Kf2 Bb3 37. Qb4 Qc2 38. Qd4+ Kg8 39. Qd3 Qa2 40.
Kg3 g5 41. Kh3 Qxa3 42. f4 Qb4 43. fxg5 hxg5 44. Qd8+ Qf8 45. Qxg5+ Qg7 46.
Qd8+ Qf8 47. Qh4 Bd5 48. Bd3 Qg7 49. Qd8+ Qf8 50. Qxf8+ Kxf8 51. g4 Kg7 52. Kg3
f6 53. h4 e5 54. Bf5 Kh6 55. Kf2 Kg7 56. Ke3 1/2-1/2

[Event "Frankfurt Ch 2007"]
[Site "Ffm-Kalbach, LAZ"]
[Date "2007.05.14"]
[Round "3.14"]
[White "Adair, Robin"]
[Black "Schwenkreis, Thomas"]
[Result "0-1"]
[WhiteElo "2009"]
[BlackElo "2054"]
[PlyCount "78"]
[EventDate "2007.??.??"]

1. e4 e5 2. Nf3 Nc6 3. Bb5 a6 4. Ba4 Nf6 5. O-O d6 6. Re1 Bd7 7. c3 g6 8. d4
Qe7 9. d5 Nd8 10. Bxd7+ Nxd7 11. Bg5 f6 12. Bh4 h5 13. h3 Bh6 14. Nh2 Nf7 15.
Nf1 O-O-O 16. Ne3 Bxe3 17. Rxe3 Rdg8 18. Nd2 Nh6 19. b4 g5 20. b5 a5 21. Nc4
gxh4 22. b6 Nxb6 23. Nxa5 Rg5 24. f3 Rhg8 25. Re2 Qd7 26. Kh2 Qb5 27. Nb3 Na4
28. c4 Qa6 29. Qd2 Nf7 30. Na5 Nc5 31. Rb1 Nd8 32. Rb5 b6 33. Nc6 Nxc6 34. dxc6
Ne6 35. Rb2 Nd4 36. Rf2 Qxc4 37. a4 Rxg2+ 38. Rxg2 Nxf3+ 39. Kh1 Qf1+ 0-1

[Event "Frankfurt Ch 2007"]
[Site "Ffm-Kalbach, LAZ"]
[Date "2007.05.14"]
[Round "3.15"]
[White "Cors, Heinz-Friedrich"]
[Black "Sadeghi, Behrang"]
[Result "0-1"]
[WhiteElo "2008"]
[BlackElo "2283"]
[PlyCount "84"]
[EventDate "2007.??.??"]

1. e4 e6 2. d4 b6 3. Bd3 Bb7 4. Nf3 c5 5. Nc3 cxd4 6. Nxd4 Nc6 7. Nf3 d6 8. O-O
a6 9. Be3 Nf6 10. Qd2 Be7 11. Ne1 b5 12. a4 b4 13. Ne2 O-O 14. f3 d5 15. Ng3
Ne5 16. Rd1 Ng6 17. Qf2 Qc7 18. Kh1 Rac8 19. Bb6 Qc6 20. a5 Bd8 21. exd5 Nxd5
22. Be4 Bxb6 23. Bxd5 Qxd5 24. Qxb6 Qxd1 25. Qxb7 Qd4 26. b3 Qc5 27. Qxa6 Ra8
28. Qe2 Rxa5 29. Nd3 Qd4 30. Rd1 Ra1 31. Nc1 Qf4 32. Qe1 Qc7 33. Nd3 Rxd1 34.
Qxd1 Qc3 35. Ne4 Qd4 36. Qg1 Rd8 37. Qxd4 Rxd4 38. Kg1 e5 39. Nd2 Nf4 40. Nc4
Nxd3 41. cxd3 Rxd3 42. Nxe5 Rxb3 0-1

[Event "Frankfurt Ch 2007"]
[Site "Ffm-Kalbach, LAZ"]
[Date "2007.05.14"]
[Round "3.16"]
[White "Kayser, Felix"]
[Black "Graebner, Walter"]
[Result "1/2-1/2"]
[WhiteElo "2194"]
[BlackElo "2049"]
[PlyCount "106"]
[EventDate "2007.??.??"]

1. e4 c6 2. d4 d5 3. exd5 cxd5 4. Bd3 Nc6 5. c3 Nf6 6. Ne2 Bg4 7. Qb3 Bxe2 8.
Bxe2 Qd7 9. O-O e6 10. Bf4 Be7 11. Nd2 O-O 12. Rfe1 Bd6 13. Bg5 Kh8 14. Nf1 Ne4
15. Be3 f5 16. f3 Nf6 17. Qd1 e5 18. dxe5 Nxe5 19. Qb3 Qc7 20. Rad1 Bc5 21. Bd4
Rfe8 22. Kh1 Bxd4 23. Rxd4 Nc6 24. Rdd1 Rad8 25. Bd3 f4 26. Bb5 a6 27. Bxc6
bxc6 28. Qa4 a5 29. h3 h6 30. b3 c5 31. Kg1 Rxe1 32. Rxe1 d4 33. Qc4 Qa7 34.
Kh2 Nd5 35. cxd4 cxd4 36. Nd2 Ne3 37. Qc6 Qe7 38. Qb6 Qg5 39. Rg1 Qd5 40. Qc7
Rf8 41. Rc1 Qb5 42. Qd6 Qb4 43. Rc6 Qxd6 44. Rxd6 Rc8 45. Rxd4 Rc2 46. Kg1 Rxa2
47. Kf2 Nf5 48. Rd5 g6 49. Ke2 Nh4 50. Kf1 Kg7 51. Rd7+ Kg8 52. Ne4 Nxg2 53.
Nf6+ Kf8 1/2-1/2

[Event "Frankfurt Ch 2007"]
[Site "Ffm-Kalbach, LAZ"]
[Date "2007.05.14"]
[Round "3.17"]
[White "Schell, Walter"]
[Black "Hierling, Stefan"]
[Result "1/2-1/2"]
[WhiteElo "2139"]
[BlackElo "1891"]
[PlyCount "101"]
[EventDate "2007.??.??"]

1. d4 d5 2. c4 c6 3. Nf3 g6 4. cxd5 cxd5 5. Bf4 Nc6 6. Nc3 Nf6 7. h3 Bg7 8. e3
O-O 9. Be2 Ne8 10. O-O Kh8 11. Qb3 e6 12. Rac1 f6 13. Rfd1 Rf7 14. e4 dxe4 15.
Nxe4 Ne7 16. Bb5 Bd7 17. Bxd7 Qxd7 18. Nc5 Qd5 19. Nxe6 Qxb3 20. axb3 Nd5 21.
Bd2 Nec7 22. Nxg7 Kxg7 23. Re1 Re8 24. Rxe8 Nxe8 25. Rc5 Rd7 26. g3 Kf7 27. Kf1
Nec7 28. Ke2 Ke6 29. Kd3 Kd6 30. h4 Ne6 31. Ra5 a6 32. Ra1 Nec7 33. h5 Ne6 34.
hxg6 hxg6 35. Rh1 Kc6 36. Rh6 Rg7 37. Nh4 g5 38. Nf5 Rd7 39. Rh8 Rd8 40. Rh6
Rd7 41. Ke4 Kb5 42. Ne3 Nec7 43. Nxd5 Nxd5 44. Kf5 Rd6 45. Rh7 Kc6 46. Rf7 b6
47. f4 gxf4 48. Bxf4 Rd7 49. Ke6 Rd8 50. Ra7 a5 51. Rf7 1/2-1/2

[Event "Frankfurt Ch 2007"]
[Site "Ffm-Kalbach, LAZ"]
[Date "2007.05.14"]
[Round "3.18"]
[White "Kolompar, Josef"]
[Black "Minor, Samuel"]
[Result "0-1"]
[WhiteElo "2014"]
[BlackElo "2137"]
[PlyCount "74"]
[EventDate "2007.??.??"]

1. e4 c5 2. Nf3 d6 3. Nc3 Nf6 4. d4 cxd4 5. Nxd4 a6 6. Be2 e5 7. Nf3 Be7 8. h3
b5 9. Bd3 Bb7 10. a3 Nbd7 11. b4 O-O 12. O-O Qc7 13. Bb2 Nb6 14. Nd2 Rfe8 15.
Re1 Bf8 16. Rc1 g6 17. Ne2 Bh6 18. f4 Na4 19. Ba1 Qb6+ 20. Kh1 d5 21. fxe5 Nxe4
22. Bxe4 dxe4 23. Nb3 Bxc1 24. Qxc1 Qf2 25. Nf4 Rac8 26. Re2 Qg3 27. Na5 Ba8
28. c4 e3 29. Qf1 bxc4 30. Bd4 g5 31. Nh5 Qxh3+ 32. Kg1 Qxh5 33. Rxe3 Re6 34.
Nxc4 Bd5 35. Nd6 Rc2 36. Ne4 Bxe4 37. Rxe4 Rh6 0-1

[Event "Frankfurt Ch 2007"]
[Site "Ffm-Kalbach, LAZ"]
[Date "2007.05.14"]
[Round "3.19"]
[White "Rubel, Julian"]
[Black "Hausmann, Hans-Ulrich"]
[Result "1-0"]
[WhiteElo "2125"]
[BlackElo "1966"]
[PlyCount "77"]
[EventDate "2007.??.??"]

1. d4 Nf6 2. c4 g6 3. Nc3 d5 4. e3 Bg7 5. Nf3 O-O 6. Qb3 c6 7. Bd3 a5 8. O-O
Na6 9. Bd2 Nb4 10. Be2 dxc4 11. Bxc4 b5 12. Be2 Be6 13. Qd1 Nfd5 14. Ne4 Na6
15. Rc1 Qb6 16. Nc5 Nxc5 17. Rxc5 Nc7 18. Qc2 Bd7 19. Ne5 Bxe5 20. Rxe5 Ne6 21.
Qe4 f5 22. Qh4 Rf7 23. Rc1 Raf8 24. b4 a4 25. Bd3 f4 26. Rf1 Nxd4 27. Bc3 Nf5
28. Qxf4 Qb8 29. a3 Qd6 30. Bb1 Qf6 31. Ba2 e6 32. Ba1 g5 33. Qg4 Qg6 34. Rd1
h5 35. Qe4 Bc8 36. Qc2 Nh4 37. Qxg6+ Nxg6 38. Rxg5 Kh7 39. Rxh5+ 1-0

[Event "Frankfurt Ch 2007"]
[Site "Ffm-Kalbach, LAZ"]
[Date "2007.05.14"]
[Round "3.20"]
[White "Kolker, Vladislav"]
[Black "Enders, Georg"]
[Result "0-1"]
[WhiteElo "2112"]
[BlackElo "2042"]
[PlyCount "120"]
[EventDate "2007.??.??"]

1. e4 e5 2. f4 exf4 3. Nf3 g5 4. h4 g4 5. Ne5 d6 6. Nxg4 h5 7. Nf2 Nf6 8. d4
Qe7 9. Nc3 Bf5 10. Qe2 Bg6 11. Bxf4 Nc6 12. O-O-O O-O-O 13. Bg5 Bh6 14. Bxh6
Rxh6 15. g3 Re8 16. Bg2 Rhh8 17. Rhe1 Kb8 18. Qb5 a6 19. Qa4 Nd8 20. e5 dxe5
21. dxe5 Ng4 22. Nxg4 hxg4 23. Nd5 Qe6 24. Re3 Qc6 25. Qb3 Qb5 26. Qxb5 axb5
27. Nf6 Re7 28. Nxg4 Nc6 29. Bxc6 bxc6 30. Nf6 Kc8 31. g4 Rxh4 32. Rde1 Rh2 33.
R1e2 Rh1+ 34. Kd2 b4 35. a4 Ra1 36. b3 Ra2 37. Kc1 Ra1+ 38. Kb2 Rf1 39. Re1 Rf2
40. R3e2 Rf3 41. Re3 Rf2 42. R1e2 Rf1 43. c3 bxc3+ 44. Kxc3 Kb7 45. Kd4 Kb6 46.
Kc4 Rc1+ 47. Kd4 c5+ 48. Kd5 Rd1+ 49. Kc4 Kc6 50. Kc3 Rc1+ 51. Kd2 Rb1 52. Kc3
Rc1+ 53. Kb2 Rb1+ 54. Ka2 Rf1 55. Re1 Rf2+ 56. Ka3 Rf4 57. R1e2 Rf1 58. Re1 Rf2
59. R3e2 Rf3 60. Kb2 Rf4 0-1

[Event "Frankfurt Ch 2007"]
[Site "Ffm-Kalbach, LAZ"]
[Date "2007.05.14"]
[Round "3.21"]
[White "Krüger, Till"]
[Black "Klyszcz, Michael"]
[Result "1-0"]
[WhiteElo "2048"]
[BlackElo "2037"]
[PlyCount "131"]
[EventDate "2007.??.??"]

1. e4 c5 2. Nf3 Nc6 3. Bb5 a6 4. Bxc6 bxc6 5. O-O g6 6. c3 Bg7 7. d4 cxd4 8.
cxd4 Nf6 9. Nc3 O-O 10. h3 d6 11. Be3 Rb8 12. b3 Qa5 13. Rc1 Bd7 14. Qd2 Rfc8
15. Bg5 Qb4 16. e5 dxe5 17. dxe5 Nd5 18. Nxd5 cxd5 19. Qxb4 Rxb4 20. Rxc8+ Bxc8
21. Bxe7 Re4 22. Rd1 Be6 23. Bd6 Re2 24. Rd2 Re4 25. Kf1 Bh6 26. Rd4 Bf4 27.
Rxe4 dxe4 28. Nd4 Bc8 29. Ke2 f6 30. g3 Bxe5 31. Bxe5 fxe5 32. Nc6 Kg7 33. h4
Kf6 34. Ke3 Bb7 35. Na5 Bd5 36. Nc4 h5 37. Nd6 Ke6 38. Nxe4 a5 39. Nc3 Bc6 40.
a3 Kd6 41. b4 axb4 42. axb4 Bb7 43. f4 Ba8 44. Ne4+ Ke6 45. b5 Kf5 46. Nd6+ Ke6
47. Nc4 e4 48. Ne5 Kf5 49. Nc4 Kg4 50. Kf2 Kf5 51. Ne3+ Ke6 52. g4 Bb7 53. Kg3
Ba8 54. g5 Kd6 55. f5 gxf5 56. Nxf5+ Ke5 57. g6 Kf6 58. g7 Kf7 59. b6 Kg8 60.
Kf4 Bb7 61. Kg5 e3 62. Kg6 Be4 63. b7 Bxf5+ 64. Kxf5 e2 65. b8=Q+ Kxg7 66. Qe8
1-0

[Event "Frankfurt Ch 2007"]
[Site "Ffm-Kalbach, LAZ"]
[Date "2007.05.14"]
[Round "3.23"]
[White "Kauch, Markus"]
[Black "Benikhis, Avram"]
[Result "1/2-1/2"]
[WhiteElo "2230"]
[BlackElo "1797"]
[PlyCount "53"]
[EventDate "2007.??.??"]

1. d4 d5 2. Nf3 Bf5 3. c4 e6 4. Nc3 Nc6 5. cxd5 exd5 6. Bf4 Bd6 7. Bxd6 Qxd6 8.
e3 Nf6 9. Be2 O-O 10. O-O Ne7 11. Rc1 c6 12. Ne5 Ng6 13. f4 Ne4 14. Bf3 Nxc3
15. Rxc3 f6 16. Nxg6 Bxg6 17. Qb3 Rf7 18. Qa3 Qxa3 19. Rxa3 Be4 20. Rc1 Re7 21.
b4 a6 22. Kf2 Rae8 23. Rb3 Bxf3 24. gxf3 f5 25. a4 Ra8 26. Rc2 Kf7 27. Rc5
1/2-1/2

[Event "Frankfurt Ch 2007"]
[Site "Ffm-Kalbach, LAZ"]
[Date "2007.05.14"]
[Round "3.24"]
[White "Kabir, Razaul"]
[Black "Matthis, Peter"]
[Result "1-0"]
[WhiteElo "2101"]
[BlackElo "1785"]
[PlyCount "73"]
[EventDate "2007.??.??"]

1. e4 c6 2. d4 d5 3. Nc3 dxe4 4. Nxe4 Bf5 5. Ng3 Bg6 6. Nf3 Nd7 7. h4 h6 8. h5
Bh7 9. Bd3 Bxd3 10. Qxd3 Ngf6 11. Bd2 e6 12. O-O-O Qc7 13. c4 Be7 14. Kb1 O-O
15. Bc3 Bd6 16. Ne4 b5 17. c5 Be7 18. Nxf6+ Nxf6 19. Ne5 Nd5 20. Rhe1 Bf6 21.
g3 a5 22. f4 Rab8 23. Bd2 Bxe5 24. Rxe5 b4 25. g4 Nc3+ 26. Bxc3 bxc3 27. Qxc3
Rb4 28. g5 f6 29. gxf6 Rxf6 30. Qg3 Qf7 31. a3 Rb5 32. Qg2 Qb7 33. Rde1 Qd7 34.
Qe4 Kf7 35. Rg1 Qb7 36. Rg2 Rb3 37. Qh7 1-0

[Event "Frankfurt Ch 2007"]
[Site "Ffm-Kalbach, LAZ"]
[Date "2007.05.14"]
[Round "3.25"]
[White "Schreiner, Roland"]
[Black "Krohne, Robert"]
[Result "1-0"]
[WhiteElo "1970"]
[BlackElo "1785"]
[PlyCount "69"]
[EventDate "2007.??.??"]

1. d4 Nf6 2. Nf3 d5 3. c4 c6 4. Nc3 e6 5. Bg5 Nbd7 6. e3 Be7 7. Rc1 O-O 8. Bd3
dxc4 9. Bxc4 b5 10. Bd3 a6 11. O-O Bb7 12. Bxf6 Nxf6 13. Ne4 Nd5 14. Nc5 Bxc5
15. Rxc5 f6 16. Bb1 Qe7 17. Qd3 g6 18. Rfc1 Rad8 19. Qe4 Rfe8 20. a3 Nb6 21.
Ba2 Kg7 22. Qf4 f5 23. Qg5 Nd7 24. R5c2 e5 25. Qxe7+ Rxe7 26. dxe5 Nxe5 27. Nd4
Rd6 28. Rd2 Kf6 29. h3 c5 30. Rxc5 Nf7 31. Rdc2 Be4 32. R2c3 Ne5 33. Rc7 Nd3
34. Rxe7 Kxe7 35. f3 1-0

[Event "Frankfurt Ch 2007"]
[Site "Ffm-Kalbach, LAZ"]
[Date "2007.05.14"]
[Round "3.26"]
[White "Geringer, Waldemar"]
[Black "Müller, Pascal"]
[Result "1/2-1/2"]
[WhiteElo "1862"]
[BlackElo "2033"]
[PlyCount "34"]
[EventDate "2007.??.??"]

1. d4 d5 2. Nf3 Nc6 3. c4 Bg4 4. e3 e5 5. dxe5 dxc4 6. Bxc4 Qxd1+ 7. Kxd1 Nxe5
8. Be2 O-O-O+ 9. Bd2 Nd3 10. Bxd3 Rxd3 11. Ke2 Rd7 12. Nc3 Nf6 13. Rac1 Bb4 14.
Rhd1 Rhd8 15. a3 Ba5 16. b4 Bb6 17. a4 c6 1/2-1/2

[Event "Frankfurt Ch 2007"]
[Site "Ffm-Kalbach, LAZ"]
[Date "2007.05.14"]
[Round "3.27"]
[White "Schöne, Matthias"]
[Black "Rotermund, Verena"]
[Result "1-0"]
[WhiteElo "2025"]
[BlackElo "1784"]
[PlyCount "59"]
[EventDate "2007.??.??"]

1. e4 e5 2. Nf3 Nc6 3. Bb5 a6 4. Ba4 Nf6 5. O-O Be7 6. Re1 b5 7. Bb3 O-O 8. d4
d6 9. c3 Bb7 10. Nbd2 Nd7 11. Nf1 Na5 12. Bc2 c5 13. Ng3 g6 14. Bh6 Re8 15. a4
Qc7 16. axb5 axb5 17. h4 cxd4 18. cxd4 exd4 19. h5 Bf6 20. b4 Nc6 21. Rxa8 Bxa8
22. Bb3 Nce5 23. Nxd4 Qc3 24. Nxb5 Qxb4 25. Nxd6 Nc5 26. Nxe8 Bh4 27. Bd5 Bxd5
28. exd5 Ncd3 29. Re3 Qd4 30. Qxd3 1-0

[Event "Frankfurt Ch 2007"]
[Site "Ffm-Kalbach, LAZ"]
[Date "2007.05.14"]
[Round "3.28"]
[White "Biegel, Thomas"]
[Black "Orlinski, Wolfgang"]
[Result "1-0"]
[WhiteElo "2054"]
[BlackElo "1767"]
[PlyCount "71"]
[EventDate "2007.??.??"]

1. d4 Nf6 2. Nf3 e6 3. c4 d5 4. g3 Nbd7 5. Bg2 Be7 6. O-O O-O 7. b3 Ne4 8. Qc2
f5 9. Bf4 g5 10. Be5 g4 11. Nfd2 Nxe5 12. dxe5 c6 13. Nc3 Bg5 14. e3 Bh6 15.
Rad1 Nxd2 16. Rxd2 Qc7 17. cxd5 cxd5 18. Nxd5 Qxe5 19. Nf4 a5 20. Rfd1 Bg5 21.
Nd3 Qb8 22. Nc5 b6 23. Nd7 Bxd7 24. Bxa8 Bb5 25. Bg2 Be7 26. a4 Rc8 27. Qb2 Be8
28. Rc2 Rxc2 29. Qxc2 Bc5 30. Qc3 Qc7 31. Qf6 Bd7 32. h3 gxh3 33. Bxh3 Bxe3 34.
fxe3 Qxg3+ 35. Bg2 Qxe3+ 36. Kh1 1-0